Evidenčný systém pre firmu PPC Insulators : Bakalárska práca

Uložené v:
Podrobná bibliografia
Hlavný autor: Sedlák, Peter, 1953- (Autor)
Ďalší autori: Miksa, František, 1970- (xxx)
Médium: Rukopis Kniha
Jazyk:Slovak
Vydavateľské údaje: Trnava : STU v Bratislave MtF KAIA, 2003
Predmet:
Tagy: Pridať tag
Žiadne tagy, Buďte prvý, kto otaguje tento záznam!

MARC

LEADER 00000ntm a22000003a 4500
001 stu84352
005 20150617225632.5
008 040226s2003----xo------------------slo-d
040 |a STU  |b slo 
041 0 |a slo 
044 |a xo 
100 1 |a Sedlák, Peter,  |d 1953-  |4 aut  |u V181  |U SvF Stavebná fakulta  |T SvF Katedra architektúry  |X 692  |U V181|V310  |Y 19  |7 A000000692 
245 1 |a Evidenčný systém pre firmu PPC Insulators :  |b Bakalárska práca 
260 |a Trnava :  |b STU v Bratislave MtF KAIA,  |c 2003 
300 |a 44 s  |c príl 
650 7 |a systémy evidenčné  |2 stusub 
650 7 |a aplikovaná informatika a automatizácia v priemysle  |2 stusub 
700 1 |a Miksa, František,  |d 1970-  |4 xxx  |u M6000  |U MTF Materiálovotechnologická fakulta  |T MTF Ústav aplikovanej informatiky, automatizácie a matematiky  |X 2760  |U M6000  |Y 86  |7 A000002760 
996 |b 284M055116  |c M*BP-516  |l MMSKP  |s P  |a 0  |w stu84352_0001